Physical education for children : (Record no. 129329)

MARC details
000 -LEADER
fixed length control field 00747nam a22002417a 4500
005 - DATE AND TIME OF LATEST TRANSACTION
control field 20170124110054.0
010 ## - LIBRARY OF CONGRESS CONTROL NUMBER
LC control number 434157
020 ## - INTERNATIONAL STANDARD BOOK NUMBER
Terms of availability 00.00
035 ## - SYSTEM CONTROL NUMBER
System control number 434157
037 ## - SOURCE OF ACQUISITION
Source of stock number/acquisition Cen Lib/Ret
040 ## - CATALOGING SOURCE
Original cataloging agency DPL
Language of cataloging EN
082 ## - DEWEY DECIMAL CLASSIFICATION NUMBER
Classification number 371.73
Item number HAL
100 ## - MAIN ENTRY--PERSONAL NAME
Personal name Halsey, Elizabeth
9 (RLIN) 26045
245 ## - TITLE STATEMENT
Title Physical education for children :
Statement of responsibility, etc by Elizabeth Halsey [and] Lorena Porter
Remainder of title a developmental program /
260 ## - PUBLICATION, DISTRIBUTION, ETC. (IMPRINT)
Place of publication, distribution, etc New York
Name of publisher, distributor, etc Holt, Rinehart and Winston
Date of publication, distribution, etc 1958
270 ## - ADDRESS
City New York
300 ## - PHYSICAL DESCRIPTION
Extent xiv,416p. :
Dimensions 24cm(Hb)
Other physical details ill.
500 ## - GENERAL NOTE
General note Includes index
650 ## - SUBJECT ADDED ENTRY--TOPICAL TERM
Topical term or geographic name as entry element Physical education for children
9 (RLIN) 25837
650 ## - SUBJECT ADDED ENTRY--TOPICAL TERM
Topical term or geographic name as entry element Physical education
9 (RLIN) 22886
700 ## - ADDED ENTRY--PERSONAL NAME
Personal name Porter, Lorena
9 (RLIN) 26046
942 ## - ADDED ENTRY ELEMENTS (KOHA)
Source of classification or shelving scheme Dewey Decimal Classification
Koha item type English Books
Classification part 371.73
Call number suffix HAL
Holdings
Withdrawn status Lost status Damaged status Not for loan Home library Current library Date acquired Source of acquisition Cost, normal purchase price Total Checkouts Full call number Barcode Date last seen Copy number Cost, replacement price Price effective from Koha item type Public note
Written off       Central Library Central Library 06/07/2015 Cen Lib/Ret 0.00   371.73 HAL 434157 06/07/2015 1 0.00 06/07/2015 English Books Written off on approval by DLB (By Circulation); dtd 15-06-2023

© Delhi Public Library
Hit Counter
free hit counter